| 000 | 00000nam 2200000zi 4500 |
| 001 | 9.947282 |
| 003 | CaOODSP |
| 005 | 20250124134356 |
| 006 | m o d f |
| 007 | cr cn||||||||| |
| 008 | 250122e199502##qucabdo ob f000 0 fre d |
| 040 | |aCaOODSP|bfre|erda|cCaOODSP |
| 043 | |an-cn-qu |
| 086 | 1 |aEn4-602/1995-1F-PDF |
| 086 | 1 |aEn4-602/1995-2F-PDF |
| 110 | 2 |aGéophysique GPR International Inc.|econsultant. |
| 245 | 10|aCaractérisation et répartition spatiale des sédiments dans les baies situées de part et d'autre du quai 103 (port de Montréal) / |cprésenté à : Les Produits Shell Canada Ltée, la société du port de Montréal, Métallurgie Noranda - Affinerie CCR, Environnement Canada (DPE) ; présenté par: Géophysique GPR International Inc. |
| 264 | 1|aLongueuil (Québec) : |bGéophysique GPR International Inc, |cfévrier 1995. |
| 300 | |a1 ressource en ligne (2 volumes) : |eillustrations, cartes, graphiques, photographies |
| 336 | |atexte|btxt|2rdacontent/fre |
| 337 | |ainformatique|bc|2rdamedia/fre |
| 338 | |aressource en ligne|bcr|2rdacarrier/fre |
| 500 | |aTitre de la couverture. |
| 500 | |aÉdition numérisée de l’imprimé [par Environnement et changement climatique Canada]. |
| 504 | |aComprend des références bibliographiques (volume 1, page 94). |
| 520 | |a« Au début de septembre 1994, les Produits Shell Canada Ltée en collaboration avec La Société du Port de Montréal, Métallurgie du cuivre Noranda - Affinerie CCR et Environnement Canada (DPE) mandataient Géophysique GPR International Inc. pour effectuer une étude de "Caractérisation et répartition spatiale des sédiments dans les baies situées de part et d'autre du Quai 103 (Port de Montréal)". L'objectif ultime était d'établir des volumes précis de sédiments mous contaminés ainsi que la marge d'erreur s'y rattachant, dans le but d'évaluer ultérieurement les modes d'intervention possibles et leurs coûts. L'ensemble des 2 bassins représente environ 53 298 m² soit 20 025 m² pour le Bassin Nord et 33 273 m² pour le Bassin Sud. Les travaux de terrain ont été effectués par étape entre le 20 septembre et 16 novembre 1994. Cette cédule par étape a permis d'ajuster la campagne en fonction des résultats et des différentes difficultés de mise-en-oeuvre (présence de boom, barge, va-et-vient de bateaux etc.). Ainsi une grande densité d'informations fiables a été obtenue afin d'optimiser le produit final » -- Résumé. |
| 546 | |aComprend un résumé en français et en anglais. |
| 650 | 6|aSédiments contaminés|xAspect de l'environnement|zQuébec (Province)|zMontréal. |
| 650 | 6|aPorts|xAspect de l'environnement|zQuébec (Province)|zMontréal. |
| 650 | 6|aEau|xPollution|zQuébec (Province)|zMontréal. |
| 650 | 0|aContaminated sediments|xEnvironmental aspects|zQuébec (Province)|zMontréal. |
| 650 | 0|aHarbors|xEnvironmental aspects|zQuébec (Province)|zMontréal. |
| 650 | 0|aWater|xPollution|zQuébec (Province)|zMontréal. |
| 710 | 2 |aShell Canada limitée, |eorganisme de publication. |
| 710 | 2 |aSociété du Port de Montréal, |eorganisme de publication. |
| 710 | 2 |aMétallurgie du cuivre Noranda, |eorganisme de publication. |
| 710 | 2 |aAffinerie canadienne de cuivre, |eorganisme de publication. |
| 710 | 1 |aCanada.|bEnvironnement Canada. |bDirection de la protection de l'environnement, |eorganisme de publication. |
| 856 | 40|qPDF|s22.7 Mo|uhttps://publications.gc.ca/collections/collection_2025/eccc/en4/En4-602-1995-1-fra.pdf|zVolume 1 |
| 856 | 40|qPDF|s5.64 Mo|uhttps://publications.gc.ca/collections/collection_2025/eccc/en4/En4-602-1995-2-fra.pdf|zVolume 2 |
| 986 | |aM-94612 |